A moreninha (Record no. 194841)

MARC details
000 -LÍDER
campo de controle de tamanho fixo 00271 a2200133 4500
001 - NÚMERO DE CONTROLE
campo de controle 194841
040 ## - FONTE DA CATALOGAÇÃO
Instituição que transcreveu o registro Magnum
100 ## - ENTRADA PRINCIPAL--NOME PESSOAL
Nome pessoal Macedo, Joaquim Manuel
240 10 - TÍTULO UNIFORME
Título uniforme A moreninha
Idioma da obra por
245 10 - TÍTULO
Título A moreninha
300 ## - DESCRIÇÃO FÍSICA
Extensão 100
697 ## - ENTRADA DE ASSUNTO LOCAL--ENTIDADE COLETIVA (RLIN)
Nome corporativo ou nome da jurisdição LITERATURA GERAL
942 ## - ELEMENTOS DE ENTRADA ADICIONADOS (KOHA)
Tipo de material Koha Livros
Holdings
Situação do descarte Situação das perdas Situação física Não pode ser emprestado Biblioteca de origem Biblioteca atual Data de aquisição Total de empréstimos Número de chamada completo Código de barras Data de último acesso Data do preço efetivo Tipo de material Koha
        Magnum Magnum 08/06/2024   869.01.140 MAG00075528 08/06/2024 08/06/2024 Livros